000 00322nam a2200121Ia 4500
008 191206s9999 xx 000 0 und d
020 _a9780521110921 (hardb
090 _aBL783.K565
245 0 _aRethinking Greek religion
260 _cc2012
300 _a"xiii, 235 pages: illustrations ; 24 cm"
999 _c16805
_d16805